Проектирование и строительство нефтепромысловых трубопроводов в сложных инженерно-гидрогеологических условиях Западной Сибири; Нефтяное хозяйство; № 3

Detalhes bibliográficos
Parent link:Нефтяное хозяйство: научно-технический производственный журнал.— , 1925-1940, 1946-.— 0028-2448
№ 3.— 2004.— С. 88-92
Autor principal: Соколов С. М.
Idioma:russo
Publicado em: 2004
Colecção:Транспорт и подготовка нефти
Assuntos:
Formato: Capítulo de Livro
KOHA link:https://koha.lib.tpu.ru/cgi-bin/koha/opac-detail.pl?biblionumber=392451

MARC

LEADER 00000naa2a2200000 4500
001 392451
005 20231101064251.0
035 |a (RuTPU)RU\TPU\prd\27793 
090 |a 392451 
100 |a 20040913a2004 k y0rusy50 ca 
101 0 |a rus 
102 |a RU 
200 1 |a Проектирование и строительство нефтепромысловых трубопроводов в сложных инженерно-гидрогеологических условиях Западной Сибири  |f С. М. Соколов 
225 1 |a Транспорт и подготовка нефти 
461 1 |0 (RuTPU)RU\TPU\prd\1638  |x 0028-2448  |t Нефтяное хозяйство  |o научно-технический производственный журнал  |d 1925-1940, 1946- 
463 1 |0 (RuTPU)RU\TPU\prd\25410  |t № 3  |v С. 88-92  |d 2004 
610 1 |a Запапдная Сибирь 
610 1 |a нефтепромысловые трубопроводы 
610 1 |a проектирование 
610 1 |a строительство 
610 1 |a торфяные грунты 
610 1 |a болота 
610 1 |a инженерно-гидрогеологические работы 
610 1 |a многомерзлые грунты 
610 1 |a анкеры 
675 |a 622.692.4.07  |v 3 
700 1 |a Соколов  |b С. М. 
801 1 |a RU  |b 63413507  |c 20040913  |g PSBO 
801 2 |a RU  |b 63413507  |c 20131028  |g RCR 
942 |c BK